[Event "Tenerife-chT Segunda 1617"]
[Site "Tenerife"]
[Date "2017.04.29"]
[Round "13.1"]
[White "Estevez Hernandez, Cristo"]
[Black "Rivas Crespo, Alexander"]
[Result "0-1"]
[WhiteElo "1906"]
[BlackElo "2065"]
[PlyCount "84"]
[EventDate "2016.12.10"]
[EventType "team-tourn"]
[EventRounds "15"]
[EventCountry "ESP"]
[SourceTitle "EXT 2018"]
[Source "ChessBase"]
[SourceDate "2017.10.13"]
[SourceVersion "1"]
[SourceVersionDate "2017.10.13"]
[SourceQuality "1"]
[WhiteTeam "Taucho Cotelec"]
[BlackTeam "Circulo de Amistad"]
[WhiteTeamCountry "ESP"]
[BlackTeamCountry "ESP"]

1. d4 d5 2. c4 c6 3. Nf3 Nf6 4. Nc3 Bf5 5. cxd5 cxd5 6. Qb3 b6 7. Bg5 e6 8. e3 Be7 9. Bb5+ Nfd7 10. Bxe7 Qxe7 11. Ne5 0-0 12. Nxd7 Nxd7 13. 0-0 Nf6 14. Rfd1 a6 15. Bd3 Bxd3 16. Rxd3 b5 17. Rc1 Rfc8 18. Rdd1 Rc7 19. Rc2 Rac8 20. Rdc1 Rc4 21. Ne2 g6 22. Rxc4 Rxc4 23. Rxc4 dxc4 24. Qc2 Qb4 25. g3 Qe1+ 26. Kg2 Nd5 27. a3 a5 28. e4 Nb6 29. d5 exd5 30. exd5 Nxd5 31. Qe4 Nf6 32. Qd4 Qxe2 33. Qxf6 Qe4+ 34. Kg1 b4 35. h4 Qd5 36. axb4 axb4 37. Kh2 Qc5 38. Qd8+ Kg7 39. Qd2 c3 40. bxc3 bxc3 41. Qc2 Qd4 42. Kh3 h5 0-1

[Event "Tenerife-chT"]
[Site "Tenerife"]
[Date "2013.03.09"]
[Round "7.3"]
[White "Perez Barreto, Adrian"]
[Black "Estevez Hernandez, Cristo"]
[Result "1-0"]
[WhiteElo "1997"]
[BlackElo "1923"]
[PlyCount "67"]
[EventDate "2013.01.19"]
[EventType "team-tourn"]
[EventRounds "14"]
[EventCountry "ESP"]
[SourceTitle "EXT 2014"]
[Source "ChessBase"]
[SourceDate "2013.11.20"]
[SourceVersion "1"]
[SourceVersionDate "2013.11.20"]
[SourceQuality "1"]
[WhiteTeam "Canarias 64"]
[BlackTeam "Circulo de Amistad XII"]
[WhiteTeamCountry "ESP"]
[BlackTeamCountry "ESP"]

1. d4 d5 2. c4 e6 3. Nc3 Nf6 4. cxd5 exd5 5. Bg5 Be7 6. e3 0-0 7. Bd3 c6 8. Qc2 Nbd7 9. Nf3 h6 10. Bh4 Ne8 11. Bxe7 Qxe7 12. g4 Ndf6 13. h3 Nd6 14. g5 hxg5 15. Nxg5 Re8 16. 0-0-0 Nde4 17. Bxe4 Nxe4 18. Ngxe4 dxe4 19. d5 Qc5 20. Rd4 Bf5 21. Qb3 Rab8 22. Kb1 Qe7 23. Qc4 cxd5 24. Nxd5 Qh4 25. Qc5 Be6 26. Ka1 Bxd5 27. Rxd5 Qxf2 28. Rf5 Qd2 29. Qc7 Rf8 30. Rg1 Qxe3 31. Rfg5 Qd4 32. Qg3 Qf6 33. Rxg7+ Kh8 34. Rg4 1-0

[Event "Tenerife op 21st"]
[Site "Tenerife"]
[Date "2010.12.28"]
[Round "8"]
[White "Estevez Hernandez, Cristo"]
[Black "Fernandez Garcia, Jose Luis"]
[Result "0-1"]
[WhiteElo "1875"]
[BlackElo "2428"]
[PlyCount "68"]
[EventDate "2010.12.16"]
[EventType "swiss"]
[EventRounds "9"]
[EventCountry "ESP"]
[SourceTitle "CBM 140 Extra"]
[Source "ChessBase"]
[SourceDate "2011.03.01"]
[SourceVersion "1"]
[SourceVersionDate "2011.03.01"]
[SourceQuality "1"]

1. d4 Nf6 2. c4 g6 3. Nc3 d5 4. Bf4 Bg7 5. e3 c5 6. dxc5 Qa5 7. Rc1 Ne4 8. cxd5 Nxc3 9. Qd2 Qxa2 10. bxc3 Qxd2+ 11. Kxd2 0-0 12. Bc4 Nd7 13. Nf3 Nxc5 14. Be5 Bd7 15. Bxg7 Kxg7 16. Ke2 Rfd8 17. Nd4 Rac8 18. Ba2 Ba4 19. f3 Rd6 20. e4 Ra6 21. Ra1 Bd7 22. Rhc1 Ra3 23. Kd2 a6 24. Nc2 Rxa2 25. Rxa2 Nb3+ 26. Kd1 Nxc1 27. Kxc1 Rxc3 28. Kd2 Rc7 29. Nd4 Kf6 30. f4 e5 31. Nf3 exf4 32. Rb2 Bb5 33. Nd4 Ke5 34. Rb4 Rc4 0-1

[Event "Tenerife Cristo Centenario op"]
[Site "Tenerife "]
[Date "2010.09.28"]
[Round "9"]
[White "Abreu Perez, Abigail"]
[Black "Estevez Hernandez, Cristo"]
[Result "1/2-1/2"]
[WhiteElo "1395"]
[BlackElo "1875"]
[PlyCount "54"]
[EventDate "2010.09.20"]
[EventType "swiss"]
[EventRounds "9"]
[EventCountry "ESP"]
[SourceTitle "EXT 2013"]
[Source "ChessBase"]
[SourceDate "2012.11.22"]
[SourceVersion "1"]
[SourceVersionDate "2012.11.22"]
[SourceQuality "1"]

1. e4 c5 2. Nf3 d6 3. Nc3 a6 4. d4 cxd4 5. Nxd4 Nf6 6. Bg5 e6 7. Nf3 Nbd7 8. Bxf6 Qxf6 9. Bd3 b5 10. a3 Bb7 11. Qe2 Rc8 12. Qe3 Rc5 13. 0-0 Be7 14. Rab1 0-0 15. a4 b4 16. Ne2 Rb8 17. Ned4 Rc7 18. Nb3 Nc5 19. Na5 Bc6 20. Nxc6 Rxc6 21. b3 Nxd3 22. cxd3 Rbc8 23. Rbc1 Rc3 24. Rxc3 Qxc3 25. Qa7 Bf8 26. Qxa6 Rc6 27. Qb7 Rc7 1/2-1/2

[Event "Vecindario Canarias op 4th"]
[Site "Vecindario"]
[Date "2010.07.24"]
[Round "8"]
[White "Estevez Hernandez, Cristo"]
[Black "Jimenez Mendoza, Jose Miguel"]
[Result "1/2-1/2"]
[WhiteElo "1870"]
[BlackElo "1696"]
[PlyCount "99"]
[EventDate "2010.07.18"]
[EventType "swiss"]
[EventRounds "9"]
[EventCountry "ESP"]
[SourceTitle "CBM 137 Extra"]
[Source "ChessBase"]
[SourceDate "2010.09.01"]
[SourceVersion "1"]
[SourceVersionDate "2010.09.01"]
[SourceQuality "1"]

1. d4 d5 2. c4 e6 3. Nc3 Nf6 4. Bg5 Be7 5. Nf3 h6 6. Bh4 Nbd7 7. cxd5 exd5 8. e3 c6 9. Bd3 0-0 10. Qc2 Re8 11. 0-0 Nh5 12. Bxe7 Qxe7 13. Rfe1 Qd6 14. e4 dxe4 15. Nxe4 Qf8 16. Bc4 Ndf6 17. Nxf6+ Nxf6 18. Qb3 b5 19. Rxe8 Nxe8 20. Bd3 Be6 21. Qc2 Bd5 22. Bh7+ Kh8 23. Be4 Qd6 24. Re1 Kg8 25. Bxd5 cxd5 26. Rc1 Kf8 27. Qc5 a6 28. b3 Rd8 29. Ne5 Qxc5 30. Rxc5 Rd6 31. f3 Ke7 32. Kf2 f6 33. Nd3 Kd7 34. Rc2 Nc7 35. Nc5+ Kc8 36. b4 Kb8 37. Re2 h5 38. Re7 g5 39. Rf7 a5 40. a3 axb4 41. axb4 Ne6 42. Rb7+ Kc8 43. Rxb5 Nc7 44. Ra5 Rb6 45. Nd3 Kd7 46. Ke3 Kd6 47. Ra1 Rb8 48. Rd1 Re8+ 49. Kf2 Nb5 50. Nc5 1/2-1/2

[Event "Vecindario Canarias op 4th"]
[Site "Vecindario"]
[Date "2010.07.19"]
[Round "3"]
[White "Santana Benitez, Romen"]
[Black "Estevez Hernandez, Cristo"]
[Result "1/2-1/2"]
[WhiteElo "1573"]
[BlackElo "1870"]
[PlyCount "39"]
[EventDate "2010.07.18"]
[EventType "swiss"]
[EventRounds "9"]
[EventCountry "ESP"]
[SourceTitle "CBM 137 Extra"]
[Source "ChessBase"]
[SourceDate "2010.09.01"]
[SourceVersion "1"]
[SourceVersionDate "2010.09.01"]
[SourceQuality "1"]

1. d4 Nf6 2. c4 e6 3. Nc3 Bb4 4. Qc2 0-0 5. Bg5 d5 6. Nf3 h6 7. Bh4 Nc6 8. e3 Be7 9. Bd3 Nb4 10. Qd2 Nxd3+ 11. Qxd3 b6 12. cxd5 exd5 13. 0-0 Bb7 14. Rac1 Re8 15. Bg3 c6 16. a3 Bd6 17. Ne5 Bxe5 18. Bxe5 Nd7 19. Bg3 Qe7 20. Rfe1 1/2-1/2

[Event "Canarias-ch U16"]
[Site "Vecindario"]
[Date "2010.06.12"]
[Round "5"]
[White "Alvarado Diaz, Alejandro"]
[Black "Estevez Hernandez, Cristo"]
[Result "1-0"]
[WhiteElo "1996"]
[BlackElo "1877"]
[PlyCount "95"]
[EventDate "2010.06.10"]
[EventType "tourn"]
[EventRounds "7"]
[EventCountry "ESP"]
[SourceTitle "EXT 2012"]
[Source "ChessBase"]
[SourceDate "2011.11.24"]
[SourceVersion "1"]
[SourceVersionDate "2011.11.24"]
[SourceQuality "1"]

1. d4 Nf6 2. Nf3 e6 3. g3 d5 4. Bg2 c6 5. 0-0 Nbd7 6. Nbd2 Bd6 7. Re1 0-0 8. e4 dxe4 9. Nxe4 Nxe4 10. Rxe4 Nf6 11. Re1 Qc7 12. c3 h6 13. Ne5 Rd8 14. Qf3 Bxe5 15. Rxe5 Qe7 16. a4 Bd7 17. Re1 Rac8 18. Qe2 b6 19. a5 Be8 20. axb6 axb6 21. g4 b5 22. g5 Nd5 23. gxh6 g6 24. Qe5 Qf8 25. Ra7 Ra8 26. Rxa8 Rxa8 27. h4 Ra1 28. h5 Rxc1 29. Rxc1 Qxh6 30. Ra1 Qxh5 31. Qxh5 gxh5 32. Ra8 Kf8 33. Bf3 h4 34. Bxd5 cxd5 35. b4 Ke7 36. Kh2 Bd7 37. Rh8 h3 38. Rxh3 Kf6 39. Rh8 Bc6 40. Kg3 Bd7 41. Kf4 Bc6 42. Rc8 Bd7 43. Rc7 Ke7 44. Ra7 f6 45. Kg4 Kd6 46. Kh5 Be8+ 47. Kh6 e5 48. f4 1-0

[Event "Canarias-ch U16"]
[Site "Vecindario"]
[Date "2010.06.11"]
[Round "4"]
[White "Estevez Hernandez, Cristo"]
[Black "Navarro Molina, David"]
[Result "0-1"]
[WhiteElo "1877"]
[BlackElo "2005"]
[PlyCount "80"]
[EventDate "2010.06.10"]
[EventType "tourn"]
[EventRounds "7"]
[EventCountry "ESP"]
[SourceTitle "EXT 2012"]
[Source "ChessBase"]
[SourceDate "2011.11.24"]
[SourceVersion "1"]
[SourceVersionDate "2011.11.24"]
[SourceQuality "1"]

1. e4 c5 2. Nf3 e6 3. d4 cxd4 4. Nxd4 Nc6 5. c4 Nf6 6. Nc3 Bb4 7. Nxc6 bxc6 8. Bd3 e5 9. 0-0 0-0 10. Bg5 h6 11. Bh4 Bxc3 12. bxc3 d6 13. Kh1 Be6 14. f4 exf4 15. Bxf6 Qxf6 16. Qd2 g5 17. g3 f3 18. Qe3 g4 19. c5 d5 20. e5 Qg7 21. Rab1 Rab8 22. Qf4 Rxb1 23. Rxb1 f6 24. exf6 Qxf6 25. Qxf6 Rxf6 26. Kg1 Rf7 27. Kf2 Re7 28. a4 Kg7 29. a5 Kf6 30. Rb8 Ke5 31. Rb4 Bf5 32. Ba6 h5 33. Ke3 Kf6+ 34. Kf2 Re4 35. Rb7 Ra4 36. Rc7 Rxa5 37. Rxc6+ Ke5 38. Rd6 Rxc5 39. Rd8 Rxc3 40. Re8+ Kd4 0-1

[Event "La Laguna op 4th"]
[Site "La Laguna"]
[Date "2010.04.10"]
[Round "8"]
[White "Estevez Hernandez, Cristo"]
[Black "Galvan Sarmiento, Jose Luis"]
[Result "1-0"]
[WhiteElo "1810"]
[BlackElo "2061"]
[PlyCount "141"]
[EventDate "2010.04.05"]
[EventType "swiss"]
[EventRounds "9"]
[EventCountry "ESP"]
[SourceTitle "CBM 135 Extra"]
[Source "ChessBase"]
[SourceDate "2010.05.04"]
[SourceVersion "1"]
[SourceVersionDate "2010.05.04"]
[SourceQuality "1"]

1. d4 d5 2. c4 c6 3. Nf3 Nf6 4. Nc3 e6 5. Bg5 Be7 6. e3 Nbd7 7. Rc1 a6 8. c5 h6 9. Bh4 g5 10. Bg3 Nh5 11. Be5 Nxe5 12. Nxe5 Nf6 13. h4 Nd7 14. Nxd7 Bxd7 15. hxg5 Bxg5 16. b4 Qe7 17. Qe2 Bf6 18. f4 Kd8 19. Kd2 Kc7 20. a4 Bg7 21. g3 Rhe8 22. Bh3 Reb8 23. b5 axb5 24. axb5 b6 25. bxc6 Bxc6 26. cxb6+ Rxb6 27. Rb1 Rab8 28. Rxb6 Rxb6 29. Rb1 Rxb1 30. Nxb1 Qb4+ 31. Nc3 Qb2+ 32. Kd3 Qa3 33. Qa2 Qxa2 34. Nxa2 Bf8 35. Nc3 Kd6 36. Nd1 Be7 37. Nf2 f5 38. Kd2 Bd8 39. Nd3 Ba5+ 40. Ke2 h5 41. Ne5 Be8 42. Bf1 Bd8 43. Kd1 Bf6 44. Nf3 Ke7 45. Kc2 Kd6 46. Kb3 Be7 47. Be2 Kc7 48. Bd3 Bf6 49. Kb4 Be7+ 50. Kb3 Kd8 51. Kc2 Bd6 52. Kd1 Ke7 53. Ke2 Kf6 54. Kf2 Kg6 55. Ne5+ Kh6 56. Nf3 Be7 57. Ba6 Bd7 58. Ne5 Be8 59. Bc8 h4 60. Bxe6 hxg3+ 61. Kxg3 Bb4 62. Bxf5 Be1+ 63. Kf3 Ba4 64. Ke2 Ba5 65. Be6 Bb3 66. Ng4+ Kg6 67. e4 Bc4+ 68. Ke3 Bb3 69. Bxd5 Bd1 70. Nf2 Bh5 71. f5+ 1-0

[Event "La Laguna op 4th"]
[Site "La Laguna"]
[Date "2010.04.09"]
[Round "6"]
[White "Estevez Hernandez, Cristo"]
[Black "Perez Martin, Nicanor"]
[Result "1/2-1/2"]
[WhiteElo "1810"]
[BlackElo "1521"]
[PlyCount "99"]
[EventDate "2010.04.05"]
[EventType "swiss"]
[EventRounds "9"]
[EventCountry "ESP"]
[SourceTitle "CBM 135 Extra"]
[Source "ChessBase"]
[SourceDate "2010.05.04"]
[SourceVersion "1"]
[SourceVersionDate "2010.05.04"]
[SourceQuality "1"]

1. d4 d5 2. c4 dxc4 3. e3 Nf6 4. Bxc4 e6 5. Nf3 c5 6. 0-0 Be7 7. Qe2 0-0 8. Rd1 Qc7 9. Nc3 a6 10. a4 Nc6 11. d5 Na5 12. dxe6 Nxc4 13. exf7+ Rxf7 14. Qxc4 h6 15. h3 Qb6 16. a5 Be6 17. axb6 Bxc4 18. Ne5 Bb3 19. Nxf7 Bxd1 20. Nxh6+ gxh6 21. Nxd1 Nd7 22. e4 Kh7 23. Ra3 Nxb6 24. Rb3 Rd8 25. Nc3 Rd6 26. Bf4 Re6 27. Bc7 Na8 28. Rxb7 Nxc7 29. Rxc7 Kg6 30. f4 Kh5 31. f5 Re5 32. Rc6 a5 33. Re6 Rxe6 34. fxe6 Kg5 35. Nd5 Bf6 36. h4+ Kg6 37. h5+ Kg7 38. b3 c4 39. bxc4 a4 40. Kf1 a3 41. Nb4 Be7 42. Na2 Kf6 43. Ke2 Kxe6 44. Ke3 Ke5 45. g3 Bc5+ 46. Kd3 Bf2 47. Nb4 Bxg3 48. c5 Be1 49. Nc2 Ba5 50. Ke3 1/2-1/2

[Event "Tenerife op 20th"]
[Site "Tenerife"]
[Date "2009.12.23"]
[Round "5"]
[White "Henriquez Garcia, David"]
[Black "Estevez Hernandez, Cristo"]
[Result "1-0"]
[WhiteElo "2053"]
[BlackElo "1732"]
[PlyCount "103"]
[EventDate "2009.12.19"]
[EventType "swiss"]
[EventRounds "9"]
[EventCountry "ESP"]
[SourceTitle "CBM 134 Extra"]
[Source "ChessBase"]
[SourceDate "2010.03.03"]
[SourceVersion "1"]
[SourceVersionDate "2010.03.03"]
[SourceQuality "1"]

1. e4 c5 2. Nc3 d6 3. Bb5+ Nd7 4. Nf3 Qc7 5. 0-0 Ngf6 6. d4 cxd4 7. Qxd4 e5 8. Qd3 h6 9. Be3 a6 10. Bxd7+ Bxd7 11. a4 b6 12. Nd2 Be6 13. h3 Be7 14. Nd5 Bxd5 15. exd5 0-0 16. c4 a5 17. f4 Nd7 18. f5 Nc5 19. Qe2 Bf6 20. Qg4 Kh7 21. Ne4 Nxe4 22. Qxe4 Rac8 23. b3 Rb8 24. h4 Kh8 25. Ra2 Qe7 26. g3 Rg8 27. Rg2 g5 28. fxg6 Rxg6 29. h5 Rg5 30. Qf3 Bg7 31. Qxf7 Qxf7 32. Rxf7 Rg4 33. Kh2 Re4 34. Rf3 Rxe3 35. Rxe3 Rf8 36. Rge2 Rf5 37. g4 Rf4 38. Kg3 Rd4 39. Re4 Rd3+ 40. R2e3 Rd1 41. Rf3 Kg8 42. Kf2 Rd2+ 43. Ke1 Rg2 44. Kf1 Rd2 45. Rf2 Rd3 46. Rb2 Bf6 47. b4 Ra3 48. c5 dxc5 49. bxc5 bxc5 50. Rc2 Ra1+ 51. Kg2 Kf7 52. Rxc5 1-0

[Event "Las Palmas op"]
[Site "Las Palmas"]
[Date "2009.12.06"]
[Round "6"]
[White "Estevez Hernandez, Cristo"]
[Black "Hernandez Leon, Alberto"]
[Result "0-1"]
[WhiteElo "1679"]
[BlackElo "2243"]
[PlyCount "119"]
[EventDate "2009.12.02"]
[EventType "swiss"]
[EventRounds "9"]
[EventCountry "ESP"]
[SourceTitle "CBM 133 Extra"]
[Source "ChessBase"]
[SourceDate "2010.01.05"]
[SourceVersion "1"]
[SourceVersionDate "2010.01.05"]
[SourceQuality "1"]

1. e4 c5 2. Nf3 d6 3. d4 cxd4 4. Nxd4 Nf6 5. Nc3 a6 6. Bg5 e6 7. f4 Be7 8. Qf3 Qc7 9. 0-0-0 Nbd7 10. g4 b5 11. Bxf6 Nxf6 12. g5 Nd7 13. f5 Nc5 14. f6 gxf6 15. gxf6 Bf8 16. a3 Bd7 17. Kb1 Qb6 18. e5 d5 19. Bh3 0-0-0 20. Qh5 Be8 21. Nb3 Kb8 22. Nxc5 Bxc5 23. Rd3 Ka7 24. Rhd1 Rb8 25. b4 Bf8 26. Kb2 a5 27. Na2 Rc8 28. c3 Qc7 29. Qg4 Qxe5 30. Rxd5 exd5 31. Qxc8 Qe2+ 32. Kb1 Qxd1+ 33. Nc1 Bd6 34. Qd8 Qg1 35. Qxd6 Qb6 36. Qxd5 Bc6 37. Qxf7+ Qb7 38. Qxb7+ Kxb7 39. Be6 axb4 40. axb4 Rf8 41. f7 Be4+ 42. Kb2 Bg6 43. Ne2 Bxf7 44. Bxf7 Rxf7 45. Kc2 Rf2 46. Kd3 Rxh2 47. Nf4 Kc6 48. Ne6 h5 49. Nd4+ Kb6 50. Nf5 Rf2 51. Nd4 h4 52. Ke3 Rf8 53. Nf3 Rxf3+ 54. Kxf3 Kc6 55. Kg4 Kd5 56. Kxh4 Kc4 57. Kg3 Kxc3 58. Kf3 Kxb4 59. Ke2 Kc3 60. Kd1 0-1

[Event "Cotelec Laguna op"]
[Site "Cotelec"]
[Date "2009.09.29"]
[Round "9"]
[White "Schneider Sanchez, Carlos Domingo"]
[Black "Estevez Hernandez, Cristo"]
[Result "1-0"]
[WhiteElo "2045"]
[BlackElo "1707"]
[PlyCount "63"]
[EventDate "2009.09.21"]
[EventType "swiss"]
[EventRounds "9"]
[EventCountry "ESP"]
[SourceTitle "CBM 132 Extra"]
[Source "ChessBase"]
[SourceDate "2009.11.03"]
[SourceVersion "1"]
[SourceVersionDate "2009.11.03"]
[SourceQuality "1"]

1. e4 c5 2. c3 Nf6 3. e5 Nd5 4. d4 e6 5. Nf3 Nc6 6. Bc4 Nb6 7. Bb3 cxd4 8. cxd4 a5 9. a3 d6 10. Bg5 Be7 11. Bxe7 Qxe7 12. 0-0 0-0 13. Nc3 Rd8 14. Qe2 a4 15. Bc2 Ra5 16. Rfd1 dxe5 17. dxe5 Nd7 18. Bxa4 Ndxe5 19. b4 Nxf3+ 20. Qxf3 Rf5 21. Qe3 Qc7 22. Rxd8+ Qxd8 23. Rd1 Qc7 24. Nd5 Qd8 25. Nb6 Rd5 26. Nxd5 exd5 27. Bxc6 bxc6 28. Qc5 Qe8 29. Rc1 Bd7 30. a4 g6 31. a5 Qa8 32. Qb6 1-0

[Event "Gran Canaria op 3rd"]
[Site "Gran Canaria"]
[Date "2009.07.14"]
[Round "2"]
[White "Estevez Hernandez, Cristo"]
[Black "Gonzalez Perez, Lutgarda"]
[Result "0-1"]
[WhiteElo "1679"]
[BlackElo "2140"]
[PlyCount "108"]
[EventDate "2009.07.13"]
[EventType "swiss"]
[EventRounds "7"]
[EventCountry "ESP"]
[SourceTitle "CBM 131 Extra"]
[Source "ChessBase"]
[SourceDate "2009.09.03"]
[SourceVersion "2"]
[SourceVersionDate "2009.09.16"]
[SourceQuality "1"]

1. e4 c6 2. d4 d5 3. e5 Bf5 4. Nf3 e6 5. Be2 Ne7 6. Nbd2 Nd7 7. Nb3 Qc7 8. c3 Ng6 9. Be3 a6 10. Ng5 Ne7 11. Bh5 Bg6 12. Bxg6 Nxg6 13. Qf3 Nb6 14. Qg3 Nc4 15. Rb1 Ne7 16. Qf3 Nf5 17. 0-0 h6 18. Nh3 a5 19. Qe2 Be7 20. Nd2 Nxd2 21. Bxd2 c5 22. g4 Nh4 23. f4 g6 24. Be3 Rc8 25. Qb5+ Kf8 26. Rbc1 h5 27. Nf2 hxg4 28. Nxg4 Nf5 29. Bf2 Bh4 30. Qxc5+ Qxc5 31. dxc5 Bxf2+ 32. Rxf2 Rxc5 33. Nf6 Ke7 34. Rd2 Rh4 35. Rf1 Rc8 36. Rf3 Kf8 37. b3 Ke7 38. c4 d4 39. Ne4 Rd8 40. c5 Rd5 41. a3 g5 42. Nxg5 Rxc5 43. h3 Rc1+ 44. Kh2 Rh8 45. Ne4 Rhc8 46. Rff2 R8c6 47. a4 Rb1 48. Rb2 Rcc1 49. Rxb1 Rxb1 50. Nd2 Rb2 51. Kg1 Nh4 52. Kf1 d3 53. Ke1 Ra2 54. Rf1 Ng2+ 0-1

[Event "La Laguna op 3rd"]
[Site "La Laguna"]
[Date "2009.05.04"]
[Round "1"]
[White "Estevez Hernandez, Cristo"]
[Black "Fernandez Garcia, Jose Luis"]
[Result "0-1"]
[WhiteElo "1660"]
[BlackElo "2457"]
[PlyCount "58"]
[EventDate "2009.05.04"]
[EventType "swiss"]
[EventRounds "9"]
[EventCountry "ESP"]
[SourceTitle "CBM 130 Extra"]
[Source "ChessBase"]
[SourceDate "2009.07.02"]
[SourceVersion "2"]
[SourceVersionDate "2009.07.15"]
[SourceQuality "1"]

1. e4 Nf6 2. e5 Nd5 3. d4 d6 4. c4 Nb6 5. exd6 cxd6 6. Be3 g6 7. h3 Bg7 8. Nf3 0-0 9. Be2 Nc6 10. Nc3 Bf5 11. Rc1 d5 12. b3 dxc4 13. bxc4 Na5 14. Na4 Nbxc4 15. Bxc4 Nxc4 16. Rxc4 b5 17. Rb4 bxa4 18. Qxa4 a5 19. Rc4 Bd3 20. Rc3 Ba6 21. Rc5 Rb8 22. Nd2 e5 23. d5 e4 24. Qxa5 Qxa5 25. Rxa5 Bd3 26. Rc5 Rb2 27. f3 exf3 28. gxf3 Re8 29. Kf2 Rxd2+ 0-1